Ekonomika sportu vybrané kapitoly III

Guardado en:
Detalles Bibliográficos
Autor principal: Novotný, Jiří
Autor Corporativo: Vysoká škola ekonomická v Praze. Podnikohospodářská fakulta
Formato: Libro
Lenguaje:checo
Publicado: Praha Vysoká škola ekonomická v Praze. Nakladatelství Oeconomica 2010
Materias:
Etiquetas: Agregar Etiqueta
Sin Etiquetas, Sea el primero en etiquetar este registro!

MARC

LEADER 00000nam a2200000 4500
001 0159578
005 20240226134042.6
020 |a 978-80-245-1713-1 
041 0 |a cze 
044 |a CZ 
245 1 0 |a Ekonomika sportu  |b vybrané kapitoly III  |c Jiří Novotný a kolektiv 
264 1 |a Praha  |b Vysoká škola ekonomická v Praze. Nakladatelství Oeconomica  |c 2010 
300 |a 194 s. 
610 2 0 |a šport 
610 2 0 |a telovýchova 
610 2 0 |a psychológia 
610 2 0 |a sociológia 
610 2 0 |a marketing 
610 2 0 |a manažment 
610 2 0 |a ochrana zdravia 
610 2 0 |a Česko 
100 1 |a Novotný, Jiří 
710 2 |a Vysoká škola ekonomická v Praze. Podnikohospodářská fakulta